000 00684nam a2200229Ia 4500
001 1528
003 GE_BSU
008 181216s||||||||xx |||||||||||||| ||und||
020 _a9785756706185
040 _cGE_BSU
100 _aАчкасов,В.А. Ланцов,С.А.
245 _aМировая политика и международные отношения
245 _bУч-для вузов обучающихся "политология
260 _aМосква
260 _bАспект-Пресс
260 _c2011
300 _a480стр.
541 _h30л.
653 _aМировая политика
653 _aПолитология
942 _cBK
999 _c35655
_d35655